| 000 | 00786pam a2200265I1 4500 | ||
|---|---|---|---|
| 008 | |||
| 020 | _a0408024348 (hbk.) | ||
| 049 | _aMAIN | ||
| 090 | _aTA710.5 | ||
| 100 | _aMair, R. J. | ||
| 245 | 0 |
_aPressuremeter testing : _bmethods and interpretation / _cR.J. Mair, D.M. Wood. |
|
| 260 |
_aLondon : _bCIRIA , _c1987. |
||
| 300 |
_aviii, 160 p. : _bill. ; _c25 cm. |
||
| 440 | _aCIRIA ground engineering report. In-situ testing. | ||
| 500 | _aIncludes index. | ||
| 504 | _aBibliography: p. 127-130. | ||
| 650 | 0 | _aSoil penetration test. | |
| 650 | 0 | _aSoil mechanics. | |
| 700 | 1 | _aWood, David | |
| 907 |
_a.b10171630 _b18-08-05 _c17-08-05 |
||
| 003 | |||
| 005 | 20230123134049.0 | ||
| 040 | _cNUST | ||
| 942 |
_cBOOKS _kTA710.5 |
||
| 999 |
_c159408 _d159408 |
||